<?xml version="1.0" encoding="UTF-8"?>
<collection xmlns="http://www.loc.gov/MARC21/slim">
 <record>
  <leader>00571pamaa2200181   4500</leader>
  <controlfield tag="001">0000020755</controlfield>
  <controlfield tag="005">20060601090000.0</controlfield>
  <datafield tag="020" ind1="0" ind2="0">
   <subfield code="a">0751510637 </subfield>
  </datafield>
  <datafield tag="082" ind1=" " ind2=" ">
   <subfield code="a">355.02 GRE</subfield>
  </datafield>
  <datafield tag="090" ind1="0" ind2="0">
   <subfield code="a">HE9843.B7 </subfield>
   <subfield code="b">GRE 1996</subfield>
  </datafield>
  <datafield tag="100" ind1="1" ind2="0">
   <subfield code="a">GREGORY </subfield>
  </datafield>
  <datafield tag="245" ind1="1" ind2="0">
   <subfield code="a">Dirty tricks : </subfield>
   <subfield code="b">British Airways' secret war against Virgin Atlantic  </subfield>
   <subfield code="c">Martyn Gregory.</subfield>
  </datafield>
  <datafield tag="260" ind1="0" ind2="0">
   <subfield code="a">London: </subfield>
   <subfield code="b">Little, Brown and Co., </subfield>
   <subfield code="c">c1996.</subfield>
  </datafield>
  <datafield tag="300" ind1=" " ind2=" ">
   <subfield code="a">xx, 520p.: </subfield>
   <subfield code="b">ill.; </subfield>
   <subfield code="c">20cm.</subfield>
  </datafield>
  <datafield tag="610" ind1="1" ind2="0">
   <subfield code="a">Virgin Group </subfield>
  </datafield>
  <datafield tag="650" ind1="0" ind2="0">
   <subfield code="a">Competition -- </subfield>
   <subfield code="z">Great Britain </subfield>
  </datafield>
  <datafield tag="650" ind1="0" ind2="0">
   <subfield code="a">Aeronautics, Commercial -- </subfield>
   <subfield code="z">Great Britain </subfield>
  </datafield>
  <datafield tag="710" ind1="1" ind2="1">
   <subfield code="a">British Airways </subfield>
  </datafield>
 </record>
</collection>
